| 000 | 00555nam a2200229Ia 4500 | ||
|---|---|---|---|
| 003 | OSt | ||
| 005 | 20220918185331.0 | ||
| 006 | a|||||r|||| 00| 0 | ||
| 007 | ta | ||
| 008 | 220917b |||||||| |||| 00| 0 eng d | ||
| 024 | _a50,674 | ||
| 037 | _cTextual | ||
| 040 |
_aARTS _cARTS _beng |
||
| 041 |
_2eng _aeng |
||
| 082 | _aP111, J:1, J6-;1 | ||
| 100 | _aJones D | ||
| 245 | 0 | _aOutline of English phonetics | |
| 260 | _c1956 | ||
| 650 | _aLINGUISTICS | ||
| 942 |
_hP111, J:1, J6-;1 _cTEXL _2CC |
||
| 999 |
_c180270 _d180270 |
||